Vista normal
Vista MARC
Entrada Subdivisión General
Número de registros utilizados en: 1
001 - CONTROL NUMBER
- control field: 483
003 - CONTROL NUMBER IDENTIFIER
- control field: CO-MdFUSB
005 - DATE AND TIME OF LATEST TRANSACTION
- control field: 20161010144852.0
008 - CAMPO DE LONGITUD FIJA
- fixed length control field: 020905 n dnznnbbba||||||||| a ana d
180 ## - ENCABEZAMIENTO - SUBDIVISIÓN GENERAL
- Subdivisión general: Crítica textual
670 ## - FUENTE EN LA QUE SE LOCALIZARON DATOS
- Cita de la fuente: LCSH
- Información localizada: Cirticism, Textual
780 #7 - ASIENTO LIGADO AL SUBENCABEZAMIENTO -SUBDIVISION GENERAL
- Subdivisión general: Cirticism, Textual
- Fuente del encabezamiento o término: [LCSH]
